Tous les clubs anglais ayant participés à l'Europa League - Statistiques

Statistiques générales
  • Ce quiz a été pris 93 fois
    43 depuis la dernière actualisation
  • Le résultat moyen est 25 sur 36
Statistiques - réponses
Première participation Dernière participation Nombres de participations Clubs % Correct
1978-79 2022-23 9 Arsenal
100%
2000-01 2018-19 5 Chelsea
100%
1972-73 2023-24 14 Liverpool
100%
1972-73 2011-12 8 Manchester City
100%
1976-77 2024-25 13 Manchester United
100%
1975-76 2025-26 12 Aston Villa
97%
1971-72 2024-25 17 Tottenham
97%
1975-76 2017-18 7 Everton
92%
1983-84 2025-26 4 Nottingham Forest
92%
1971-72 2002-03 8 Leeds
86%
1977-78 2012-13 8 Newcastle
86%
1971-72 2016-17 6 Southampton
86%
2026-27 2026-27 1 Bournemouth
84%
2026-27 2026-27 1 Crystal Palace
84%
2026-27 2026-27 1 Sunderland
84%
1997-98 2021-22 4 Leicester
81%
1999-2000 2023-24 3 West Ham
81%
2023-24 2023-24 1 Brighton
78%
1994-95 2006-07 5 Blackburn
70%
2002-03 2011-12 3 Fulham
62%
1992-93 1992-93 1 Sheffield Wednesday
62%
2013-14 2013-14 1 Swansea
62%
2011-12 2011-12 1 Birmingham
59%
1976-77 1984-85 2 QPR
57%
1993-94 1993-94 1 Norwich
51%
1971-72 2019-20 5 Wolves
51%
1973-74 2002-03 10 Ipswich Town
49%
1983-84 1983-84 1 Watford
49%
1974-75 1976-77 2 Derby County
46%
2004-05 2005-06 2 Middlesbrough
43%
2008-09 2008-09 1 Portsmouth
43%
1978-79 1981-82 3 WBA
43%
2005-06 2007-08 2 Bolton
35%
2004-05 2004-05 1 Millwall
35%
1972-73 2011-12 3 Stoke City
30%
2013-14 2013-14 1 Wigan
27%
Aucun quiz correspondant
Distribution des résultats
% des personnes avec chaque résultat
Percentile par nombre de réponses
Votre historique - résultats
Vous n’avez pas pris ce quiz depuis la dernière actualisation